| 000 | 00923nam a22002537a 4500 | ||
|---|---|---|---|
| 999 |
_c14848 _d14848 |
||
| 003 | MIRAKIL | ||
| 005 | 20220316114205.0 | ||
| 008 | 220316b tu ||||| |||| 00| 0 tur d | ||
| 020 | _a975539401X | ||
| 040 |
_aTR-AnCHP _cTR-AnCHP |
||
| 041 | _atur | ||
| 082 |
_a303.372 _bS64a 2004 |
||
| 100 | _aSolomon, Robert C., | ||
| 245 | 1 | 0 |
_aAdalet tutkusu : _btoplum sözleşmesinin kökenleri ve temelindeki duygular / _c Robert C. Solomon ; çeviren: Ertuğ Altınay |
| 246 | _atoplum sözleşmesinin kökenleri ve temelindeki duygular | ||
| 260 |
_aİstanbul : _bAyrıntı yayınları, _c2004. |
||
| 300 |
_a376 s.: _c20 sm. |
||
| 490 | 0 |
_aAyrıntı Yayınları ; _aİnceleme dizisi ; _v440. _v196. |
|
| 504 | _aKaynakça ve dizin vardır. | ||
| 650 | 0 |
_97024 _aToplumsal adalet |
|
| 700 |
_97023 _aAltınay, Ertuğ _eçev. |
||
| 740 | _atoplum sözleşmesinin kökenleri ve temelindeki duygular | ||
| 942 |
_2ddc _cBKS |
||